000 00719nam a22002297a 4500
003 UA-OsUOA
001 53154
007 ta
008 20150921b un ||||| |||| 00| 0 ukr d
090 _a082
_bП78
942 _cBK
040 _aUA-OsUOA
_bukr
_cUA-OsUOA
_dUA-OsUOA
245 _aПроблеми духовного і національного відродження на Поділлі
300 _a78 с.
955 _a4
041 _aukr
080 _a082
260 _aХмельницький; К.
_c1995
650 7 _a08 Видання. Колективні праці
_2UDC
999 _c433284
_d433284